000 00595nam a2200145 a 4500
008 130107s9999 ||||||||||||||||| || u
050 _aUN-ECE(02)2012/12
110 _aUnited Nations Economic Commission for Europe (UNECE)
245 1 0 _aHousing and Land Management
_cby United Nations Econimic Commission for Europe [UNECE]
260 _aGeneva:
650 _aLAND MANAGEMENT
650 _aHOUSING
856 _uhttp://www.unece.org/hlm/welcome.html
995 _FCBU-MAIN LIBRARY (Kitwe)
_M1
_UAVAILABLE
_WJan 7, 2013
_ZInternational Publications
999 _c45721
_d45721